000 00341nam a22001457a 4500
008 210528b ||||| |||| 00| 0 eng d
020 _a080890874X
041 _aeng
080 _a575
082 _a575
100 _a9
101 _aIMU
245 _aImmunologic Aspects of Anesthetic and Surgical Practice
_cMathieu,A
942 _2udc
_cBK
999 _c57780
_d57780